000 00688 a2200217 4500
010 _aENG-86074
020 _a8187671629
_c175.00
035 _aEN-69607
037 _bDBAD / PUB
082 1 4 _a332.63223
100 _aApostolou, Barbara
245 1 _aKeys to investing in common stocks /
_cby Barbara Apostolou and Nicholas G.Apostolou
250 _a4th ed.
260 _aChennai
_bWestland Books
_c2006
270 _aNew No. 571, P.H.Road, Aminjikarai
_bChennai
_cTamil Nadu
_e600 029
300 _a188p.
_c21cm (pbk)
490 _aBarron's business keys
500 _aIncludes index
700 _aApostolou, Nicholas G.
942 _adpl
_cEN
_2ddc
_h332.63223
_mAPO
999 _c4100
_d4100